Statystyki dla Cyrylica Sprint

Kliknij tutaj aby rozwiązać quiz!

Ogólne statystyki

  • Ten quiz został rozwiązany 1 253 razy
  • Średni wynik to 15 z 33

Statystyki odpowiedzi

BukwaTranskrypcja% Poprawnych
АA
100%
БB
97%
ВW
77%
ДD
76%
ГG
72%
КK
63%
ИI
61%
ЖŻ
61%
МM
59%
ЗZ
59%
ЕJe
58%
ЛŁ
57%
НN
57%
ОO
57%
ЙJ
56%
ПP
54%
РR
53%
ЁJo
52%
СS
50%
ТT
50%
УU
45%
ФF
40%
ХH
32%
ЦC
30%
ЧCZ
23%
ШSZ
22%
ЩSZCZ
17%
ЫY
9%
ЭE
8%
ЯJa
7%
ЪTwardy znak
7%
ЮJu
6%
ЬMiękki znak
5%

Rozkład punktacji

Percentyl według liczby udzielonych odpowiedzi

Procent ludzi z każdym wynikiem

Twoja historia wyników

Nie rozwiązałeś tego quizu